Inventario de la colección de libros donada por D. Santiago Espona y Brunet
Descripción Física:
81 p, [8] p. de làm. ; 24 cm
MARC
| LEADER | 00000nam a2200000Ia 4500 | ||
|---|---|---|---|
| 001 | 8024 | ||
| 008 | 160829s1960 xx 000 0 cat d | ||
| 080 | |a A-1-287 | ||
| 110 | 1 | |a Biblioteca de Catalunya |9 52741 | |
| 245 | |a Inventario de la colección de libros donada por D. Santiago Espona y Brunet | ||
| 260 | |a Barcelona : |b Diputación Provincial de Barcelona, Biblioteca Central, |c 1960 | ||
| 300 | |a 81 p, [8] p. de làm. ; |c 24 cm | ||
| 650 | |a Biblioteca de Catalunya |x Catàlegs |9 23702 | ||
| 650 | |a Espona y Brunet, Santiago |x Biblioteca |x Catàlegs |9 23703 | ||
| 710 | 1 | |a Barcelona (Catalunya : Província). |b Diputació |9 52408 | |
| 710 | 2 | |a Biblioteca Central (Barcelona, Catalunya) |9 54533 | |
| 901 | |a Arxiu | ||
| 942 | |n 1 | ||
| 952 | |0 0 |1 0 |4 0 |6 A1287 |7 1 |9 42815 |a Arxiu |b Arxiu |d 2016-12-01 |l 0 |o A-1-287 |p 8024 |r 2016-12-01 00:00:00 |w 2016-12-01 |y ARXIU | ||
| 999 | |c 45321 |d 45321 | ||